| 000 | 00552nam a2200205Ia 4500 | ||
|---|---|---|---|
| 003 | GCL | ||
| 008 | 140319s9999 xx 000 0 ara d | ||
| 040 |
_aGCL / _cGCL |
||
| 082 | 0 | 4 |
_a784.1 _bب ا |
| 100 | 1 | _aبلقيس عباس | |
| 245 | 1 | 0 |
_aاغانى جماعية / _cبلقيس عباس |
| 700 | 1 | _aعفت عياد | |
| 260 |
_a[S.N] : _bمكتبة دار النشر ابو الهول |
||
| 300 | _a59 | ||
| 490 | _a | ||
| 650 | 0 | 4 | _aتعليم |
| 650 | 0 | 4 | _aالاغانى |
| 650 | 0 | 4 | _aالموسيقى الصوتية |
| 942 |
_2ddc _cBK |
||
| 999 |
_c31216 _d31216 |
||